| 000 | 01076nam a2200325Ia 4500 | ||
|---|---|---|---|
| 001 | 60222 | ||
| 003 | IT-RoPAU | ||
| 008 | 130308s9999 xx 000 0 und d | ||
| 040 | _aIT-RoPAU | ||
| 040 | _cIT-RoPAU | ||
| 041 | _aITALIANO | ||
| 100 | _aAshbrook William | ||
| 100 | _gCodice Aut. SPICS: 21526 | ||
| 240 | _aDONIZETTI AND HIS OPERAS | ||
| 240 | _gCodice Tit. Orig. Spics: T0351 | ||
| 245 | _aDonizetti-Le opere | ||
| 245 | _bDonizetti-Le Opere | ||
| 250 | _a1a ed. | ||
| 260 | _aTORINO | ||
| 260 | _bEDT | ||
| 260 | _c1987 [1° Ed.:1987 - Ed.Ling.Originale:1982] | ||
| 300 | _a"414 p. (prefazione: 8; testo: 406)" | ||
| 500 | _aDonizetti e Il Teatro D'Opera del suo Tempo Uso delle convenzioni nelle Opere di Donizetti Schede delle Opere di Donizetti Opere Progettate e Non Completate Librettisti di Donizetti curatore del Volume in Italiano è Fulvio Lo Presti Rapporti con Mayr Rossini e Bellini | ||
| 650 | _aAUTORI/OPERE DI MUSICA | ||
| 650 | _eCodice materia Spics: 7007 | ||
| 942 | _cBK | ||
| 957 | _71 | ||
| 999 |
_c73812 _d73812 |
||
| 999 | _bSI | ||
| 999 | _g1 | ||